[Event "Pan American-ch U20 Girls"]
[Site "Asuncion"]
[Date "2025.06.19"]
[Round "9"]
[White "Jimenez Salas, Maria Teresa"]
[Black "Namala, Dhanvi"]
[Result "1/2-1/2"]
[WhiteElo "2170"]
[BlackElo "1755"]
[PlyCount "44"]
[EventDate "2025.06.14"]
[EventType "swiss"]
[EventRounds "9"]
[EventCountry "PAR"]
[SourceTitle "CB26_2025"]
[SourceDate "2025.06.25"]
[SourceVersion "1"]
[SourceVersionDate "2025.06.25"]
[SourceQuality "1"]

1. e4 e6 2. d4 d5 3. Nc3 Nf6 4. Bg5 Bb4 5. e5 h6 6. Be3 Ne4 7. Qg4 g6 8. a3 Bxc3+ 9. bxc3 c5 10. Bd3 h5 11. Qf4 g5 12. Qf3 Nxc3 13. dxc5 d4 14. Bd2 Nc6 15. Qf6 Qxf6 16. exf6 g4 17. Bxc3 dxc3 18. Ne2 Rh6 19. Nxc3 Rxf6 20. h3 g3 21. fxg3 Ne5 22. Be4 Nc6 1/2-1/2

[Event "Pan American-ch U20 Girls"]
[Site "Asuncion"]
[Date "2025.06.15"]
[Round "3"]
[White "Brito Carrascal, Isabela"]
[Black "Jimenez Salas, Maria Teresa"]
[Result "0-1"]
[WhiteElo "2039"]
[BlackElo "2170"]
[PlyCount "94"]
[EventDate "2025.06.14"]
[EventType "swiss"]
[EventRounds "9"]
[EventCountry "PAR"]
[SourceTitle "CB26_2025"]
[SourceDate "2025.06.25"]
[SourceVersion "1"]
[SourceVersionDate "2025.06.25"]
[SourceQuality "1"]

1. e4 d6 2. d4 Nf6 3. Nd2 e5 4. dxe5 dxe5 5. Ngf3 Bc5 6. Be2 0-0 7. 0-0 Re8 8. c3 a5 9. Qc2 Bg4 10. Rd1 Nbd7 11. Nc4 Qb8 12. Ne3 Bh5 13. Nf5 Qa7 14. Be3 Bxe3 15. Nxe3 Nc5 16. Bd3 Bg6 17. b4 axb4 18. cxb4 Nxd3 19. Qxd3 Bxe4 20. Qe2 Qa6 21. b5 Bxf3 22. Qxf3 Qxb5 23. Rab1 Qc6 24. Qxc6 bxc6 25. Rb7 Nd5 26. Nxd5 cxd5 27. Rxd5 Rxa2 28. g3 Rc2 29. Rxe5 Kf8 30. Rf5 Re6 31. Rd5 Ke7 32. Kf1 Rf6 33. Kg1 Ke6 34. Rh5 h6 35. f4 Kd7 36. Rd5+ Rd6 37. Rbb5 Re2 38. h3 Rxd5 39. Rxd5+ Kc6 40. Rf5 f6 41. g4 Re7 42. g5 fxg5 43. fxg5 hxg5 44. Rxg5 Kd6 45. Rg6+ Kd5 46. Rg5+ Kc4 47. Rg4+ Kb5 0-1

[Event "Titled Tuesday intern op 20th May Late"]
[Site "Chess.com INT"]
[Date "2025.05.20"]
[Round "8"]
[White "Dauer, Andre Leonardo"]
[Black "Jimenez Salas, Maria Teresa"]
[Result "1-0"]
[WhiteElo "2138"]
[BlackElo "2137"]
[PlyCount "181"]
[EventDate "2025.05.20"]
[EventType "swiss (blitz)"]
[EventRounds "11"]
[EventCountry "USA"]
[SourceTitle "CB22_2025"]
[SourceDate "2025.05.28"]
[SourceVersion "1"]
[SourceVersionDate "2025.05.28"]
[SourceQuality "1"]

1. e4 c5 2. Nf3 Nc6 3. d3 g6 4. g3 Bg7 5. Bg2 e6 6. c3 Nge7 7. h4 d5 8. Nbd2 dxe4 9. dxe4 Ne5 10. Nxe5 Bxe5 11. h5 b6 12. Qe2 Bb7 13. Nf3 Bf6 14. Bf4 Nc6 15. Rd1 Qc8 16. Bd6 Be7 17. hxg6 fxg6 18. e5 0-0 19. Qe3 Bxd6 20. exd6 Qd7 21. Ng5 Rae8 22. Rxh7 Qxh7 23. Nxh7 Kxh7 24. d7 Rd8 25. Qxe6 Na5 26. Qe7+ Kg8 27. Bh3 Nc6 28. Be6+ Kh8 29. Qh4+ Kg7 30. Ke2 Rf6 31. Bd5 Ba6+ 32. c4 Nd4+ 33. Rxd4 cxd4 34. f4 Rxd7 35. Qg5 Re7+ 36. Kd2 Bb7 37. Bxb7 Rxb7 38. g4 Rd7 39. f5 d3 40. Qf4 gxf5 41. gxf5 Rfd6 42. Qg5+ Kf7 43. Qh5+ Kf6 44. Qg6+ Ke5 45. Qg3+ Kxf5 46. b3 Ke6 47. Qe3+ Kf7 48. Qf4+ Ke7 49. Qg5+ Ke8 50. Qg8+ Ke7 51. Qg7+ Kd8 52. Qg8+ Kc7 53. Qg2 Kb8 54. Qg8+ Kb7 55. Qg4 a5 56. Qe4+ Ka7 57. a4 Rd8 58. Qe7+ R6d7 59. Qe4 Rd6 60. Qe5 R8d7 61. c5 bxc5 62. Qxc5+ Kb7 63. Qb5+ Kc7 64. Qxa5+ Kc8 65. Qa8+ Kc7 66. Qa7+ Kc8 67. Qa8+ Kc7 68. Qa7+ Kd8 69. Qe3 Re7 70. Qg5 Kd7 71. b4 Re2+ 72. Kd1 Rc2 73. Qb5+ Kc7 74. Qa5+ Kc6 75. Qa6+ Kd5 76. Qxd3+ Ke6 77. Qxd6+ Kxd6 78. Kxc2 Kd5 79. Kc3 Kc6 80. Kc4 Kb6 81. b5 Kb7 82. Kc5 Kc7 83. a5 Kb7 84. b6 Kb8 85. Kc6 Kc8 86. a6 Kb8 87. a7+ Ka8 88. b7+ Kxa7 89. Kc7 Ka6 90. b8Q Ka5 91. Qb3 1-0

[Event "American Continental (Women) 16th"]
[Site "Oaxtepec"]
[Date "2025.05.04"]
[Round "6"]
[White "Jimenez Salas, Maria Teresa"]
[Black "Li, Yunshan"]
[Result "0-1"]
[WhiteElo "2137"]
[BlackElo "2228"]
[PlyCount "126"]
[EventDate "2025.05.01"]
[EventType "swiss"]
[EventRounds "9"]
[EventCountry "MEX"]
[SourceTitle "CB19_2025"]
[SourceDate "2025.05.07"]
[SourceVersion "1"]
[SourceVersionDate "2025.05.07"]
[SourceQuality "1"]

1. e4 e5 2. d4 exd4 3. Qxd4 Nc6 4. Qe3 g6 5. Bd2 Bg7 6. Nc3 Nge7 7. 0-0-0 0-0 8. h4 d5 9. Nxd5 Nxd5 10. exd5 Qxd5 11. c4 Qe5 12. Qxe5 Nxe5 13. Nh3 Bf5 14. Bg5 h6 15. Bf4 Rad8 16. Be2 c6 17. Be3 Bd3 18. Bxd3 Nxd3+ 19. Kc2 Nxb2 20. Rxd8 Rxd8 21. Rb1 Nxc4 22. Rxb7 a5 23. Rc7 Nxe3+ 24. fxe3 Rb8 25. Nf4 Rb2+ 26. Kd3 Rxa2 27. Rxc6 a4 28. Rc8+ Kh7 29. Rc7 a3 30. Ra7 Ra1 31. Ke2 a2 32. Kf2 Bf6 33. g3 Be5 34. Ne2 Kg7 35. Ra6 Kf8 36. Kg2 Ke7 37. Ra5 Kd6 38. Ra4 Kc5 39. Ra5+ Kb4 40. Ra7 Kb3 41. Rb7+ Kc2 42. Ra7 Kd3 43. Nf4+ Kxe3 44. Nd5+ Ke4 45. Nb4 Bxg3 46. Nxa2 Be5 47. Ra4+ Kf5 48. Ra7 Kg4 49. Ra4+ Bf4 50. Kf2 h5 51. Kg2 f6 52. Kf2 Rh1 53. Nc3 Rxh4 54. Ne2 Kg5 55. Nd4 Rg4 56. Ne6+ Kf5 57. Nd4+ Ke5 58. Nf3+ Ke6 59. Nd4+ Kd5 60. Ne2 Bg3+ 61. Kf3 Rxa4 62. Nc3+ Kc6 63. Nxa4 Be5 0-1

[Event "American Continental (Women) 16th"]
[Site "Oaxtepec"]
[Date "2025.05.03"]
[Round "4"]
[White "Miller, Rachel"]
[Black "Jimenez Salas, Maria Teresa"]
[Result "0-1"]
[WhiteElo "1967"]
[BlackElo "2137"]
[PlyCount "82"]
[EventDate "2025.05.01"]
[EventType "swiss"]
[EventRounds "9"]
[EventCountry "MEX"]
[SourceTitle "CB19_2025"]
[SourceDate "2025.05.07"]
[SourceVersion "1"]
[SourceVersionDate "2025.05.07"]
[SourceQuality "1"]

1. e4 c5 2. Nf3 e6 3. g3 Nc6 4. Bg2 Nf6 5. Qe2 e5 6. 0-0 Be7 7. c3 0-0 8. d3 h6 9. Na3 Re8 10. Nc4 Bf8 11. Ne3 d5 12. exd5 Nxd5 13. Nxd5 Qxd5 14. Nd2 Qd7 15. Nc4 b6 16. a4 Rb8 17. Be3 Ba6 18. Rfd1 Rbd8 19. Qh5 Qe6 20. Bh3 Qf6 21. b3 e4 22. dxe4 Qxc3 23. Bf1 g6 24. Qg4 h5 25. Qf4 Rxd1 26. Rxd1 Qxb3 27. Rc1 Qxa4 28. Nd6 Bxd6 29. Qxd6 Bxf1 30. Rxf1 Qxe4 31. Qd7 Qe6 32. Qd1 Rd8 33. Qa1 a5 34. Re1 Ne5 35. Kg2 Qd5+ 36. Kh3 Ng4 37. Kh4 Nxe3 38. Rxe3 Qd4+ 39. Qxd4 Rxd4+ 40. Kg5 Kg7 41. Re7 Rg4# 0-1

[Event "American Continental (Women) 16th"]
[Site "Oaxtepec"]
[Date "2025.05.01"]
[Round "1"]
[White "Santiago Sontay, Jenny Fernanda"]
[Black "Jimenez Salas, Maria Teresa"]
[Result "0-1"]
[WhiteElo "1742"]
[BlackElo "2137"]
[PlyCount "74"]
[EventDate "2025.05.01"]
[EventType "swiss"]
[EventRounds "9"]
[EventCountry "MEX"]
[SourceTitle "CB19_2025"]
[SourceDate "2025.05.07"]
[SourceVersion "1"]
[SourceVersionDate "2025.05.07"]
[SourceQuality "1"]

1. e4 c5 2. c4 Nc6 3. Nf3 e5 4. g3 d6 5. Bg2 f5 6. d3 Be7 7. Nc3 Nf6 8. 0-0 fxe4 9. dxe4 0-0 10. Ne1 Be6 11. b3 a6 12. Bg5 Rb8 13. Nc2 b5 14. Bxf6 Bxf6 15. Nd5 bxc4 16. bxc4 Nd4 17. Nce3 Qa5 18. Rb1 Bg5 19. Rxb8 Rxb8 20. Qh5 Qd8 21. Qd1 Qd7 22. Qh5 Be7 23. f4 exf4 24. gxf4 Bf7 25. Bh3 Bxh5 26. Bxd7 Bh4 27. Nf5 Nxf5 28. Bxf5 Bf7 29. Rd1 Rb2 30. a3 Re2 31. Nc7 Be7 32. Nd5 Bh4 33. Nc7 g6 34. Bc8 Bxc4 35. Rxd6 Rxe4 36. Nxa6 Rxf4 37. Nxc5 Bf2+ 0-1

[Event "Mexican op 70th"]
[Site "Mexico City"]
[Date "2025.04.16"]
[Round "4"]
[White "Gonzalez Zamora, Juan Carlos"]
[Black "Jimenez Salas, Maria Teresa"]
[Result "1-0"]
[WhiteElo "2480"]
[BlackElo "2116"]
[PlyCount "143"]
[EventDate "2025.04.14"]
[EventType "swiss"]
[EventRounds "9"]
[EventCountry "MEX"]
[SourceTitle "CB17_2025"]
[SourceDate "2025.04.23"]
[SourceVersion "1"]
[SourceVersionDate "2025.04.23"]
[SourceQuality "1"]

1. d4 d5 2. Nf3 Nf6 3. g3 Bf5 4. Bg2 e6 5. 0-0 h6 6. c4 c6 7. Nc3 Nbd7 8. Nd2 Be7 9. e4 dxe4 10. Ndxe4 Nxe4 11. Nxe4 0-0 12. Be3 Nf6 13. Nc3 Ng4 14. Bf4 Qd7 15. h3 Nf6 16. Be3 Rfd8 17. Qb3 Rac8 18. Rfd1 b6 19. Rd2 Bd6 20. Rad1 Qe7 21. a3 Bb8 22. Qa4 Qe8 23. Qa6 Qe7 24. Qa4 Bd6 25. Qb3 Bb8 26. Qa4 Qe8 27. Qa6 Qe7 28. Qa4 Qe8 29. Qa6 Qe7 30. Qa4 Qe8 31. Qa6 Qe7 32. Qa4 Qe8 33. Qa6 Qe7 34. Qa4 Qe8 35. Qa6 Qe7 36. Qa4 Qe8 37. Qa6 Qe7 38. Qa4 Qe8 39. Qa6 Qe7 40. Qa4 Qe8 41. Qa6 Qe7 42. Qa4 Qe8 43. Qa6 Qe7 44. Re2 Bd6 45. Red2 Bb8 46. Re2 Qd7 47. Red2 Qe7 48. Re2 Qd7 49. Red2 Qe7 50. Re2 Qd7 51. a4 Ne8 52. a5 Nc7 53. Qb7 Ne8 54. Qa6 Nc7 55. Qb7 Ne8 56. Qxd7 Rxd7 57. axb6 axb6 58. b3 Ra7 59. Na4 Rd7 60. Nc3 Ra7 61. Na4 Rd7 62. Nc3 Ra7 63. Na4 Rd7 64. Nc3 Ra7 65. Na4 Ra6 66. Nc3 Ra7 67. Na4 Ra6 68. d5 c5 69. g4 Bg6 70. dxe6 fxe6 71. Bb7 Rxa4 72. Bxc8 1-0

[Event "Mexican op 70th"]
[Site "Mexico City"]
[Date "2025.04.16"]
[Round "3"]
[White "Jimenez Salas, Maria Teresa"]
[Black "Ticona Rocabado, Licael Roderick"]
[Result "0-1"]
[WhiteElo "2116"]
[BlackElo "2353"]
[PlyCount "98"]
[EventDate "2025.04.14"]
[EventType "swiss"]
[EventRounds "9"]
[EventCountry "MEX"]
[SourceTitle "CB17_2025"]
[SourceDate "2025.04.23"]
[SourceVersion "1"]
[SourceVersionDate "2025.04.23"]
[SourceQuality "1"]

1. e4 e5 2. Nf3 Nc6 3. d4 exd4 4. Nxd4 Bc5 5. Nb3 Bb6 6. Qe2 a5 7. a4 d6 8. Be3 Bxe3 9. Qxe3 Nf6 10. Bb5 Bd7 11. 0-0 0-0 12. Bxc6 Bxc6 13. f3 Re8 14. Qd4 Nd7 15. Nc3 Nb6 16. Nd2 Qd7 17. b3 f5 18. Rae1 fxe4 19. Ndxe4 Qf5 20. Re2 Qg6 21. Rfe1 Re6 22. Nb5 Bxb5 23. axb5 Rf8 24. Ng3 Rxe2 25. Rxe2 Re8 26. Qd2 Rxe2 27. Qxe2 Kf8 28. Kf2 Qg5 29. Ne4 Qe5 30. g3 Nd7 31. f4 Qd4+ 32. Qe3 Qd1 33. Qc3 d5 34. Ng5 Nf6 35. h3 h6 36. Ne6+ Ke7 37. Nc5 b6 38. Qe5+ Kf8 39. Ne6+ Kg8 40. Qe2 Ne4+ 41. Kf3 Qg1 42. Qg2 Qe1 43. Kg4 Qd1+ 44. Kh4 Nf6 45. g4 Qe1+ 46. Qg3 Qxe6 47. g5 hxg5+ 48. Qxg5 Qe1+ 49. Qg3 g5+ 0-1

[Event "Titled Tuesday intern op 01st Apr Early"]
[Site "Chess.com INT"]
[Date "2025.04.01"]
[Round "4"]
[White "Aghaei, Alireza"]
[Black "Jimenez Salas, Maria Teresa"]
[Result "1/2-1/2"]
[WhiteElo "2204"]
[BlackElo "2071"]
[PlyCount "111"]
[EventDate "2025.04.01"]
[EventType "swiss (blitz)"]
[EventRounds "11"]
[EventCountry "USA"]
[SourceTitle "CB15_2025"]
[SourceDate "2025.04.09"]
[SourceVersion "1"]
[SourceVersionDate "2025.04.09"]
[SourceQuality "1"]

1. d4 d5 2. c4 c6 3. Nc3 dxc4 4. e3 b5 5. a4 b4 6. Ne4 Qd5 7. Nd2 Ba6 8. Qc2 c3 9. bxc3 bxc3 10. Qxc3 Bxf1 11. Kxf1 e6 12. e4 Qd7 13. Ngf3 Nf6 14. Ba3 Bxa3 15. Qxa3 Qe7 16. Ke2 Nbd7 17. Rhc1 Rc8 18. e5 Nd5 19. Ne4 Qxa3 20. Rxa3 Ke7 21. Nd6 Rc7 22. Rb3 Rb8 23. Rxb8 Nxb8 24. g3 Nd7 25. Nd2 c5 26. dxc5 Rxc5 27. Rxc5 Nxc5 28. Nc8+ Kd7 29. Nxa7 Nxa4 30. Nb5 Nac3+ 31. Nxc3 Nxc3+ 32. Kd3 Nd5 33. f4 h6 34. Kd4 Ne7 35. Ne4 Nf5+ 36. Kd3 Kc6 37. g4 Ne7 38. Nd6 f6 39. Ke4 Nd5 40. Ne8 Kd7 41. Nxg7 Ke7 42. exf6+ Nxf6+ 43. Kf3 Kf7 44. Nh5 Nxh5 45. gxh5 Kf6 46. Ke4 Ke7 47. Ke5 Kf7 48. f5 exf5 49. Kxf5 Kg7 50. Ke6 Kg8 51. Kf6 Kf8 52. Kg6 Kg8 53. Kxh6 Kh8 54. Kg6 Kg8 55. h6 Kh8 56. h7 1/2-1/2

[Event "Titled Tuesday intern op 01st Apr Early"]
[Site "Chess.com INT"]
[Date "2025.04.01"]
[Round "3"]
[White "Jimenez Salas, Maria Teresa"]
[Black "El Jawich, Amro"]
[Result "1-0"]
[WhiteElo "2071"]
[BlackElo "2307"]
[PlyCount "117"]
[EventDate "2025.04.01"]
[EventType "swiss (blitz)"]
[EventRounds "11"]
[EventCountry "USA"]
[SourceTitle "CB15_2025"]
[SourceDate "2025.04.09"]
[SourceVersion "1"]
[SourceVersionDate "2025.04.09"]
[SourceQuality "1"]

1. e4 g6 2. d4 Bg7 3. Nc3 d5 4. Nxd5 c6 5. Nc3 Qxd4 6. Qxd4 Bxd4 7. Bd2 Bg7 8. Nf3 Nd7 9. a4 e5 10. Bc4 Ngf6 11. 0-0 h6 12. Be3 0-0 13. h3 Re8 14. a5 Bf8 15. Rfd1 Bc5 16. Bxh6 Nf8 17. Bg5 Nh5 18. Bh4 Nf4 19. Ng5 N8e6 20. Nxe6 Bxe6 21. Bxe6 Rxe6 22. Rd7 Bd4 23. Rxb7 Bxc3 24. bxc3 Ne2+ 25. Kf1 Nxc3 26. f3 Rd6 27. Be1 Nb5 28. c4 Nd4 29. Rd1 a6 30. Bb4 Rdd8 31. Bc5 Ne6 32. Rxd8+ Rxd8 33. Be3 Rd1+ 34. Ke2 Ra1 35. Rb6 Rxa5 36. Rxc6 Ra2+ 37. Kf1 a5 38. Ra6 a4 39. c5 Ra1+ 40. Kf2 a3 41. c6 a2 42. Kg3 Re1 43. Rxa2 Rxe3 44. Rc2 Nd4 45. c7 Nxc2 46. c8Q+ Kg7 47. Qxc2 Ra3 48. Qb2 Ra5 49. Qc3 Rb5 50. f4 f6 51. fxe5 Rxe5 52. Kf4 g5+ 53. Kf3 Kg6 54. g4 Re8 55. Qc6 Re5 56. Ke3 Re8 57. Kd4 Rh8 58. e5 Rd8+ 59. Kc5 1-0

[Event "Titled Tuesday intern op 01st Apr Late"]
[Site "Chess.com INT"]
[Date "2025.04.01"]
[Round "4"]
[White "Jimenez Salas, Maria Teresa"]
[Black "Tikhonov, Viacheslav"]
[Result "0-1"]
[WhiteElo "2116"]
[BlackElo "2183"]
[PlyCount "136"]
[EventDate "2025.04.01"]
[EventType "swiss (blitz)"]
[EventRounds "11"]
[EventCountry "USA"]
[SourceTitle "CB21_2025"]
[SourceDate "2025.05.21"]
[SourceVersion "1"]
[SourceVersionDate "2025.05.21"]
[SourceQuality "1"]

1. e4 c5 2. Nf3 Nc6 3. d4 cxd4 4. Nxd4 g6 5. c4 Nf6 6. Nc3 Nxd4 7. Qxd4 d6 8. Be3 Bg7 9. f3 0-0 10. Qd2 a6 11. Be2 Be6 12. Rc1 Qa5 13. Nd5 Qxd2+ 14. Kxd2 Bxd5 15. cxd5 Rfc8 16. Rxc8+ Rxc8 17. Rc1 Rxc1 18. Kxc1 Nd7 19. Kc2 e6 20. dxe6 fxe6 21. b4 Kf7 22. b5 axb5 23. Bxb5 Ke7 24. Bg5+ Bf6 25. Be3 d5 26. exd5 exd5 27. Bd2 Ke6 28. Bb4 Ne5 29. a4 g5 30. Bc5 Ng6 31. Be3 Nh4 32. Bf1 Nf5 33. Bf2 Bd4 34. Bxd4 Nxd4+ 35. Kd3 Nc6 36. Be2 Ke5 37. Bd1 Na5 38. Kc3 Nc6 39. Be2 Kf4 40. Bb5 Ne7 41. Kd4 b6 42. Bd7 h5 43. Be6 h4 44. h3 Kg3 45. Bxd5 Nxd5 46. Kxd5 Kxg2 47. Kc6 Kxh3 48. Kxb6 Kg3 49. a5 h3 50. a6 h2 51. a7 h1Q 52. a8Q Qxf3 53. Qb8+ Qf4 54. Qg8 Qd4+ 55. Kb5 g4 56. Qb3+ Kf4 57. Qf7+ Ke4 58. Qg6+ Kf3 59. Qf5+ Qf4 60. Qd3+ Qe3 61. Qd5+ Kg3 62. Qd6+ Kg2 63. Qd5+ Qf3 64. Qd2+ Kg1 65. Qd4+ Kf1 66. Qc4+ Qe2 67. Kb4 Qxc4+ 68. Kxc4 g3 0-1

[Event "Titled Tuesday intern op 01st Apr Late"]
[Site "Chess.com INT"]
[Date "2025.04.01"]
[Round "11"]
[White "Jimenez Salas, Maria Teresa"]
[Black "Williams, John Michael"]
[Result "1-0"]
[WhiteElo "2116"]
[BlackElo "2048"]
[PlyCount "29"]
[EventDate "2025.04.01"]
[EventType "swiss (blitz)"]
[EventRounds "11"]
[EventCountry "USA"]
[SourceTitle "CB15_2025"]
[SourceDate "2025.04.09"]
[SourceVersion "1"]
[SourceVersionDate "2025.04.09"]
[SourceQuality "1"]

1. e4 e5 2. Nf3 Nf6 3. Nxe5 d6 4. Nf3 Nxe4 5. Nc3 Nxc3 6. dxc3 Be7 7. Bf4 0-0 8. Qd2 Nd7 9. 0-0-0 Nf6 10. Kb1 Be6 11. Bd3 c5 12. Ng5 Bd5 13. f3 Qa5 14. c4 Bc6 15. Qxa5 1-0

[Event "Titled Tuesday intern op 25th Mar Early"]
[Site "Chess.com INT"]
[Date "2025.03.25"]
[Round "10"]
[White "Jimenez Salas, Maria Teresa"]
[Black "Ankit, Ray"]
[Result "0-1"]
[WhiteElo "2071"]
[BlackElo "2288"]
[PlyCount "92"]
[EventDate "2025.03.25"]
[EventType "swiss (blitz)"]
[EventRounds "11"]
[EventCountry "USA"]
[SourceTitle "CB14_2025"]
[SourceDate "2024.11.01"]
[SourceVersion "1"]
[SourceVersionDate "2024.11.01"]
[SourceQuality "1"]

1. e4 c5 2. Nf3 e6 3. d4 cxd4 4. Nxd4 Nc6 5. Nb5 d6 6. c4 a6 7. Nd4 Nf6 8. Nc3 Be7 9. Be2 0-0 10. 0-0 d5 11. exd5 exd5 12. Nxc6 bxc6 13. cxd5 cxd5 14. Bf3 Be6 15. Be3 Bd6 16. Qd2 Be5 17. Rad1 Rb8 18. b3 Qc7 19. Rc1 d4 20. Bxd4 Bxh2+ 21. Kh1 Bf4 22. Qe2 Bxc1 23. Be5 Qa5 24. Rxc1 Rbc8 25. Bxf6 gxf6 26. Qe3 Qg5 27. Re1 Qxe3 28. Rxe3 Rc7 29. Ne4 f5 30. Nf6+ Kg7 31. Nh5+ Kg6 32. Nf4+ Kf6 33. Nh5+ Ke7 34. Be2 a5 35. Nf4 Rd8 36. Kh2 Kf6 37. Nh5+ Ke7 38. Nf4 Rd4 39. a4 Rxf4 40. Bb5 Rb4 41. Kg3 Rxb3 42. Kf4 Rxe3 43. fxe3 Kf6 44. e4 fxe4 45. Kxe4 Bc4 46. Be8 Re7+ 0-1

[Event "Titled Tuesday intern op 18th Mar Late"]
[Site "Chess.com INT"]
[Date "2025.03.18"]
[Round "2"]
[White "Bykov, Egor"]
[Black "Jimenez Salas, Maria Teresa"]
[Result "1-0"]
[WhiteElo "2441"]
[BlackElo "2071"]
[PlyCount "95"]
[EventDate "2025.03.18"]
[EventType "swiss (blitz)"]
[EventRounds "11"]
[EventCountry "USA"]
[SourceTitle "CB13_2025"]
[SourceDate "2025.03.26"]
[SourceVersion "1"]
[SourceVersionDate "2025.03.26"]
[SourceQuality "1"]

1. c4 c5 2. Nf3 Nc6 3. g3 g6 4. Bg2 Bg7 5. 0-0 d6 6. d3 e5 7. Nc3 Nge7 8. a3 0-0 9. Rb1 b6 10. b4 Rb8 11. Bd2 Nd4 12. e3 Nxf3+ 13. Bxf3 Bb7 14. h4 Bxf3 15. Qxf3 cxb4 16. axb4 Qd7 17. e4 f5 18. h5 fxe4 19. Qxe4 gxh5 20. Kg2 Qf5 21. Ra1 Ra8 22. Nb5 Qd7 23. Rh1 d5 24. Qe3 dxc4 25. dxc4 Qc6+ 26. Kg1 Qxc4 27. Nd6 Qd4 28. Qb3+ Kh8 29. Nf7+ Rxf7 30. Qxf7 Qxa1+ 31. Kg2 Qd4 32. Qxh5 Qe4+ 33. Kg1 Rd8 34. Bg5 Qb1+ 35. Kg2 Qe4+ 36. Kg1 Qb1+ 37. Kh2 Qe4 38. Bxe7 Rg8 39. Rd1 Qg6 40. Qe2 Re8 41. Bh4 Bf6 42. Rd6 Rf8 43. Bxf6+ Rxf6 44. Qxe5 Kg7 45. Rd7+ Kh6 46. Qe3+ Kh5 47. Rd5+ Kg4 48. Qe2+ 1-0

[Event "Titled Tuesday intern op 18th Mar Late"]
[Site "Chess.com INT"]
[Date "2025.03.18"]
[Round "8"]
[White "Estrada Nieto, Julian"]
[Black "Jimenez Salas, Maria Teresa"]
[Result "0-1"]
[WhiteElo "2156"]
[BlackElo "2071"]
[PlyCount "60"]
[EventDate "2025.03.18"]
[EventType "swiss (blitz)"]
[EventRounds "11"]
[EventCountry "USA"]
[SourceTitle "CB13_2025"]
[SourceDate "2025.03.26"]
[SourceVersion "1"]
[SourceVersionDate "2025.03.26"]
[SourceQuality "1"]

1. e4 c5 2. Nf3 Nc6 3. Bb5 e6 4. 0-0 Nge7 5. Re1 a6 6. Bxc6 Nxc6 7. d4 cxd4 8. Nxd4 Be7 9. Nc3 0-0 10. Nxc6 bxc6 11. Qg4 Kh8 12. e5 f6 13. Bf4 fxe5 14. Bxe5 Bf6 15. Ne4 Bxe5 16. Ng5 Bf6 17. Ne4 d5 18. Nc5 Qb6 19. Nxe6 Bxe6 20. Rxe6 Bxb2 21. Rf1 Bd4 22. Qg3 Rae8 23. Rxe8 Rxe8 24. h3 Rf8 25. c3 Bc5 26. Qh4 Qb2 27. a4 Qxc3 28. a5 Qxa5 29. Kh1 Qb4 30. Rc1 Qxh4 0-1

[Event "Titled Tuesday intern op 18th Mar Late"]
[Site "Chess.com INT"]
[Date "2025.03.18"]
[Round "4"]
[White "Jovic, Stanoje"]
[Black "Jimenez Salas, Maria Teresa"]
[Result "0-1"]
[WhiteElo "2096"]
[BlackElo "2071"]
[PlyCount "104"]
[EventDate "2025.03.18"]
[EventType "swiss (blitz)"]
[EventRounds "11"]
[EventCountry "USA"]
[SourceTitle "CB13_2025"]
[SourceDate "2025.03.26"]
[SourceVersion "1"]
[SourceVersionDate "2025.03.26"]
[SourceQuality "1"]

1. c4 c5 2. g3 Nc6 3. Bg2 g6 4. Nc3 Bg7 5. Nf3 d6 6. 0-0 e5 7. Ne1 Nge7 8. Nc2 0-0 9. Ne3 Rb8 10. Ned5 Nxd5 11. Nxd5 Be6 12. d3 Ne7 13. Bg5 f6 14. Nxe7+ Qxe7 15. Bd2 b5 16. b3 f5 17. Qc2 bxc4 18. dxc4 f4 19. Rad1 fxg3 20. hxg3 Kh8 21. Qc1 Rf7 22. Bg5 Bf6 23. Bh6 Bg7 24. Bxg7+ Kxg7 25. Bd5 Rbf8 26. Bxe6 Qxe6 27. Qd2 Rf6 28. Qa5 R8f7 29. Qd8 h5 30. Kg2 h4 31. f3 e4 32. Rde1 Qe5 33. gxh4 exf3+ 34. exf3 Qb2+ 35. Rf2 Qd4 36. Re8 Rf8 37. Rxf8 Rxf8 38. Qg5 Rf5 39. Qg4 Rf4 40. Qd7+ Kh6 41. Qxa7 Rxh4 42. Qe7 Qf4 43. Kf1 Rh5 44. Ke2 Re5+ 45. Qxe5 Qxe5+ 46. Kf1 Qa1+ 47. Kg2 Kg5 48. Rd2 Qc1 49. Rxd6 Qb2+ 50. Kf1 Qxa2 51. Rd5+ Kf4 52. Rxc5 Kxf3 0-1

[Event "Titled Tuesday intern op 11th Mar Early"]
[Site "Chess.com INT"]
[Date "2025.03.11"]
[Round "2"]
[White "Abrashkin, Boris Vladimirovich"]
[Black "Jimenez Salas, Maria Teresa"]
[Result "1-0"]
[WhiteElo "2407"]
[BlackElo "2071"]
[PlyCount "139"]
[EventDate "2025.03.11"]
[EventType "swiss (blitz)"]
[EventRounds "11"]
[EventCountry "USA"]
[SourceTitle "CB12_2025"]
[SourceDate "2025.03.19"]
[SourceVersion "1"]
[SourceVersionDate "2025.03.19"]
[SourceQuality "1"]

1. d4 d5 2. c4 c6 3. cxd5 cxd5 4. Bg5 Nc6 5. Nc3 h6 6. Bh4 Nf6 7. Bxf6 exf6 8. e3 Bb4 9. Rc1 Qa5 10. a3 Bxc3+ 11. Rxc3 Be6 12. Bd3 Rc8 13. Ne2 Ne7 14. 0-0 Rxc3 15. Nxc3 0-0 16. Qb3 Qc7 17. Rc1 Qb8 18. Ne2 Rc8 19. Rc3 Rxc3 20. Qxc3 Qc8 21. h4 Qxc3 22. Nxc3 Kf8 23. h5 Bg4 24. Be2 Bxe2 25. Nxe2 Ke8 26. f3 Kd7 27. Kf2 f5 28. Kg3 g6 29. hxg6 fxg6 30. Nf4 Kd6 31. Nd3 g5 32. Kh3 b6 33. g4 Ke6 34. Ne5 fxg4+ 35. fxg4 Nc8 36. Kg3 Nd6 37. Kf3 a6 38. a4 b5 39. a5 Nb7 40. b4 Nd6 41. Nc6 Ne8 42. Nb8 Nc7 43. e4 dxe4+ 44. Kxe4 Kd6 45. d5 Nxd5 46. Nxa6 Nc3+ 47. Kf5 Nd5 48. Kg6 Ne3 49. Kh5 Kc6 50. Nc5 Nd5 51. a6 Nf6+ 52. Kxh6 Nxg4+ 53. Kxg5 Kb6 54. Kxg4 Ka7 55. Kf5 Ka8 56. Ke5 Ka7 57. Kd5 Kb6 58. Kd6 Ka7 59. Kc6 Ka8 60. Kxb5 Ka7 61. Ka5 Kb8 62. Kb6 Ka8 63. Ne6 Kb8 64. a7+ Kc8 65. a8Q+ Kd7 66. Qc6+ Ke7 67. Nc5 Kf8 68. Qd7 Kg8 69. Ne6 Kh8 70. Qg7# 1-0

[Event "Titled Tuesday intern op 11th Mar Late"]
[Site "Chess.com INT"]
[Date "2025.03.11"]
[Round "10"]
[White "Bus, Tom"]
[Black "Jimenez Salas, Maria Teresa"]
[Result "1-0"]
[WhiteElo "2113"]
[BlackElo "2071"]
[PlyCount "151"]
[EventDate "2025.03.11"]
[EventType "swiss (blitz)"]
[EventRounds "11"]
[EventCountry "USA"]
[SourceTitle "CB12_2025"]
[SourceDate "2025.03.19"]
[SourceVersion "1"]
[SourceVersionDate "2025.03.19"]
[SourceQuality "1"]

1. Nf3 d5 2. g3 Nf6 3. Bg2 c6 4. 0-0 Bg4 5. c4 e6 6. Qb3 Qb6 7. d3 Qxb3 8. axb3 Nbd7 9. Bd2 Nc5 10. Ra3 Na6 11. Ra4 Nc5 12. Ra3 Be7 13. Re1 0-0 14. Ne5 Bf5 15. b4 Ncd7 16. Nxd7 Nxd7 17. c5 a6 18. Nc3 h6 19. e4 dxe4 20. dxe4 Bg6 21. Bf4 Nf6 22. Rd1 Rad8 23. Raa1 Nh5 24. Bc7 Rxd1+ 25. Rxd1 Nf6 26. h3 Rc8 27. Bd6 Kf8 28. f4 Rd8 29. Bxe7+ Kxe7 30. Rxd8 Kxd8 31. e5 Ne8 32. Kf2 Nc7 33. Ke3 Ke7 34. h4 Bc2 35. Kd4 f6 36. Bf3 Bb3 37. Be2 Bd5 38. Bd3 Bh1 39. Be2 Ne8 40. Bh5 Nc7 41. Bg4 Bd5 42. Be2 f5 43. g4 g6 44. Bd1 Kf7 45. Be2 Ne8 46. g5 hxg5 47. hxg5 Ke7 48. Bd3 Ng7 49. Ke3 Ne8 50. Ne2 Kd7 51. Nd4 Ng7 52. Ne2 Bb3 53. Ng3 Bd1 54. Bc4 Bg4 55. Nh1 Bd1 56. Nf2 Bc2 57. Be2 Ke7 58. Bf3 Bb3 59. Nd3 Bd5 60. Be2 Ne8 61. Kd4 Nc7 62. Ne1 Ne8 63. Nc2 Ng7 64. Ne3 Kd7 65. Nxd5 cxd5 66. b5 axb5 67. Bxb5+ Kc7 68. b4 Nh5 69. Ke3 Ng3 70. Be8 Nf1+ 71. Kf2 Nd2 72. Bxg6 Ne4+ 73. Ke3 Nc3 74. Bf7 Kd7 75. g6 Ke7 76. Bg8 1-0